|
|
|
|
| LEADER |
00000nam0a2200000 4500 |
| 001 |
129189 |
| 005 |
20231031133219.0 |
| 010 |
|
|
|a 5120004318
|
| 035 |
|
|
|a (RuTPU)RU\TPU\book\139812
|
| 090 |
|
|
|a 129189
|
| 100 |
|
|
|a 20080121d1988 k y0rusy50 ca
|
| 101 |
0 |
|
|a rus
|
| 102 |
|
|
|a UA
|
| 105 |
|
|
|a a z 001zy
|
| 200 |
1 |
|
|a Нильс Бор и наука XX века
|e сборник научных трудов
|f Академия наук СССР (АН СССР), Институт истории естествознания и техники им. С. И. Вавилова (ИИЕТ АН СССР); под ред. Л. С. Полака
|
| 210 |
|
|
|a Киев
|c Наукова думка
|d 1988
|
| 215 |
|
|
|a 231 с.
|c ил.
|
| 320 |
|
|
|a Библиография в конце статей
|
| 600 |
|
1 |
|a Бор
|g Нильс Хедрик Давид
|b Н. Х. Д.
|c датский физик
|f 1885-1962
|2 stltpush
|3 (RuTPU)RU\TPU\pers\950
|
| 610 |
1 |
|
|a физика
|
| 610 |
1 |
|
|a физическая наука
|
| 610 |
1 |
|
|a история
|
| 610 |
1 |
|
|a 20 век
|
| 610 |
1 |
|
|a биография
|
| 610 |
1 |
|
|a атомы
|
| 610 |
1 |
|
|a кванты
|
| 610 |
1 |
|
|a ядра
|
| 610 |
1 |
|
|a методология
|
| 675 |
|
|
|a 53(09)
|v 3
|
| 702 |
|
1 |
|a Полак
|b Л. С.
|g Лев Соломонович
|4 340
|
| 712 |
0 |
2 |
|a Академия наук СССР (АН СССР)
|b Институт истории естествознания и техники им. С. И. Вавилова (ИИЕТ АН СССР)
|c (Москва)
|2 stltpush
|3 (RuTPU)RU\TPU\col\8662
|
| 801 |
|
1 |
|a RU
|b 63413507
|c 20080121
|g PSBO
|
| 801 |
|
2 |
|a RU
|b 63413507
|c 20140320
|g PSBO
|
| 942 |
|
|
|c BK
|